[Event "Titled Tue 17th Jun Early"]
[Site "chess.com INT"]
[Date "2025.06.17"]
[Round "11"]
[White "Ristic, Nebojsa M"]
[Black "Cuellar Montes, Alejandro"]
[Result "0-1"]
[WhiteTitle "IM"]
[BlackTitle "CM"]
[WhiteElo "2248"]
[BlackElo "2173"]
[WhiteFideId "900850"]
[BlackFideId "32096836"]
[EventDate "2025.06.17"]

1. d4 Nf6 2. Bf4 d5 3. e3 e6 4. Nf3 Bd6 5. Bg3 O-O 6. Nbd2 c5 7. c3 Nc6 8. Bd3
b6 9. e4 Be7 10. e5 Nh5 11. a3 g6 12. Nf1 a5 13. Qe2 c4 14. Bc2 b5 15. Ne3 Bb7
16. Ng4 b4 17. Qe3 Ng7 18. axb4 axb4 19. O-O b3 20. Rxa8 Bxa8 21. Bb1 Nf5 22.
Bxf5 exf5 23. Nh6+ Kg7 24. Qf4 Bb7 25. Bh4 Bxh4 26. Nxh4 Bc8 27. Ra1 Be6 28. g4
Qxh4 29. Ra6 Qxh6 30. g5 Qh5 31. Rxc6 Qg4+ 32. Qg3 Qxg3+ 33. hxg3 Ra8 34. Kg2
Ra2 35. g4 fxg4 36. Kg3 Rxb2 37. f4 gxf3 38. Ra6 Rc2 0-1

[Event "Titled Tue 17th Jun Early"]
[Site "chess.com INT"]
[Date "2025.06.17"]
[Round "11"]
[White "Carroll, Thomas"]
[Black "Mummana Venkata Ruthvik"]
[Result "0-1"]
[BlackTitle "CM"]
[WhiteElo "2131"]
[BlackElo "2237"]
[WhiteFideId "450111"]
[BlackFideId "25697307"]
[EventDate "2025.06.17"]

1. d4 Nf6 2. c4 g6 3. f3 Bg7 4. e4 d6 5. Nc3 O-O 6. Be3 e5 7. Nge2 c6 8. Qd2
Nbd7 9. Nc1 a6 10. Be2 Nh5 11. g3 Qf6 12. Nb3 Qe7 13. g4 Nhf6 14. h4 h5 15. g5
Ne8 16. d5 c5 17. Na5 Qd8 18. Na4 Nb6 19. Nxb6 Qxb6 20. Rb1 Qc7 21. b4 b6 22.
Nc6 Bd7 23. bxc5 bxc5 24. Na5 Rb8 25. O-O Qa7 26. Rxb8 Qxb8 27. Rb1 Qxb1+ 28.
Kf2 Nc7 29. Nb3 Rb8 30. Bd1 Ba4 31. f4 exf4 32. Bxf4 Bxb3 33. Bxb3 Bd4+ 34. Kg2
Qg1+ 35. Kh3 Qg4+ 36. Kh2 Qxh4+ 37. Kg2 Qg4+ 38. Kh2 Qxf4+ 39. Qxf4 Be5 40. Kg3
Bxf4+ 41. Kxf4 Re8 42. Ba4 Re5 43. Bd7 Kg7 44. a4 f6 45. gxf6+ Kxf6 46. Bc8 g5+
47. Kf3 Ne8 48. Bd7 Ng7 49. a5 h4 50. Bc8 Nh5 51. Bxa6 Re7 52. Bb5 Ra7 53. a6
Ke5 54. Kg4 Nf6+ 55. Kxg5 h3 56. Bd7 h2 57. Bh3 h1=Q 58. Bg4 Nxe4+ 59. Kg6 Qh4
60. Bh5 Qg5# 0-1

[Event "Titled Tue 17th Jun Early"]
[Site "chess.com INT"]
[Date "2025.06.17"]
[Round "11"]
[White "Fedorov, Artem Alek"]
[Black "Mateus, Martha"]
[Result "1-0"]
[WhiteTitle "CM"]
[BlackTitle "WIM"]
[WhiteElo "2157"]
[BlackElo "1972"]
[WhiteFideId "34418431"]
[BlackFideId "4401549"]
[EventDate "2025.06.17"]

1. e4 c5 2. Nf3 Nc6 3. Bb5 d6 4. d4 cxd4 5. Qxd4 Bd7 6. Bxc6 Bxc6 7. Nc3 Nf6 8.
Bg5 e6 9. O-O-O Be7 10. Rhe1 Qa5 11. Nd5 Bxd5 12. exd5 Qxa2 13. Rd3 Rc8 14. dxe6
fxe6 15. Ra3 Qc4 16. Qxc4 Rxc4 17. Rxa7 Kf7 18. Rxb7 Rhc8 19. c3 e5 20. Kc2 h6
21. Bh4 g5 22. Bg3 R4c5 23. Bxe5 dxe5 24. Nxe5+ Rxe5 25. Rxe5 Ng8 26. b4 Kf8 27.
Kb3 Bf6 28. Re3 Ne7 29. c4 Kf7 30. c5 Kg6 31. Rbxe7 Bxe7 32. Rxe7 Rf8 33. Re2
Rc8 34. Rb2 Rb8 35. Rc2 Kf5 36. c6 Ke6 37. c7 Rc8 38. b5 1-0

[Event "Titled Tue 17th Jun Early"]
[Site "chess.com INT"]
[Date "2025.06.17"]
[Round "11"]
[White "Mekhitarian, Krikor Sevag"]
[Black "Kosakowski, Jakub"]
[Result "0-1"]
[WhiteTitle "GM"]
[BlackTitle "GM"]
[WhiteElo "2564"]
[BlackElo "2548"]
[WhiteFideId "2107660"]
[BlackFideId "1185080"]
[EventDate "2025.06.17"]

1. Nf3 Nf6 2. c4 e6 3. Nc3 d5 4. d4 Bb4 5. cxd5 exd5 6. Bf4 Ne4 7. Rc1 Nc6 8. h4
O-O 9. e3 Bf5 10. Bd3 Re8 11. O-O Bxc3 12. bxc3 Bg4 13. Qc2 h6 14. Ne5 Nxe5 15.
Bxe5 Nd6 16. f3 Be6 17. Qf2 f6 18. Bf4 Bf5 19. Be2 Qd7 20. Rfe1 Re7 21. Bf1 Rae8
22. g4 Bh7 23. h5 c6 24. Qg3 Nf7 25. Bg2 Ng5 26. Rcd1 Bc2 27. Rd2 Ba4 28. Rf2
Bb5 29. Bxg5 fxg5 30. e4 Rf7 31. f4 dxe4 32. fxg5 Rxf2 33. Kxf2 hxg5 34. Bxe4
Rf8+ 35. Kg1 Bc4 36. Bf5 Qf7 37. Qd6 Re8 38. Rxe8+ Qxe8 0-1

[Event "Titled Tue 17th Jun Early"]
[Site "chess.com INT"]
[Date "2025.06.17"]
[Round "11"]
[White "Troltenier, Dirk"]
[Black "Carrasco Miranda, Andres"]
[Result "0-1"]
[WhiteTitle "FM"]
[BlackTitle "CM"]
[WhiteElo "2174"]
[BlackElo "2211"]
[WhiteFideId "4606400"]
[BlackFideId "3405990"]
[EventDate "2025.06.17"]

1. e4 e5 2. Nf3 Nc6 3. Bb5 Nf6 4. d3 Bc5 5. Bxc6 dxc6 6. Nbd2 Nd7 7. Nc4 Qe7 8.
Bg5 f6 9. Be3 Bxe3 10. Nxe3 Nf8 11. O-O Ng6 12. Nf5 Bxf5 13. exf5 Nf4 14. g3 Nd5
15. d4 e4 16. Re1 O-O-O 17. Nd2 Qd7 18. Nxe4 Qxf5 19. c3 h5 20. Nc5 h4 21. g4
Qg6 22. Qf3 h3 23. Ne6 Rde8 24. Re4 Rh4 25. Rae1 Rxe6 26. Rxe6 Rxg4+ 27. Kh1 Nf4
28. Re8+ Kd7 29. R8e7+ Kd6 30. c4 b6 31. c5+ bxc5 32. dxc5+ Kxc5 33. Qc3+ Kd6 0-1

[Event "Titled Tue 17th Jun Early"]
[Site "chess.com INT"]
[Date "2025.06.17"]
[Round "11"]
[White "Gurel, Ediz"]
[Black "Bacrot, Etienne"]
[Result "1-0"]
[WhiteTitle "GM"]
[BlackTitle "GM"]
[WhiteElo "2636"]
[BlackElo "2633"]
[WhiteFideId "44507356"]
[BlackFideId "605506"]
[EventDate "2025.06.17"]

1. Nf3 d5 2. b3 c5 3. e3 Nc6 4. Bb2 Nf6 5. Be2 Bf5 6. O-O e6 7. d4 cxd4 8. Nxd4
Bg6 9. Nd2 Bd6 10. c4 Nxd4 11. Bxd4 O-O 12. cxd5 Nxd5 13. Nc4 Bc7 14. Bf3 Rc8
15. Rc1 Bb8 16. Qe2 f6 17. Rfd1 Qc7 18. g3 b5 19. Ne5 Qxc1 20. Nxg6 hxg6 21.
Rxc1 Rxc1+ 22. Kg2 a6 23. Be4 Ne7 24. h4 f5 25. Bb7 e5 26. Bb2 Rc7 27. Bxa6 f4
28. exf4 exf4 29. Qe6+ Kh7 30. g4 f3+ 31. Kh3 Rf4 32. Qe5 Rb7 33. Qxf4 Bxf4 34.
Bxb7 b4 35. Bxf3 Be5 36. Bxe5 1-0

[Event "Titled Tue 17th Jun Early"]
[Site "chess.com INT"]
[Date "2025.06.17"]
[Round "11"]
[White "Donchenko, Alexander"]
[Black "Lazavik, Denis"]
[Result "0-1"]
[WhiteTitle "GM"]
[BlackTitle "GM"]
[WhiteElo "2613"]
[BlackElo "2580"]
[WhiteFideId "24603295"]
[BlackFideId "13515110"]
[EventDate "2025.06.17"]

1. d4 Nf6 2. c4 g6 3. Nc3 Bg7 4. e4 d6 5. Nf3 O-O 6. Be2 Nbd7 7. O-O e5 8. Be3
c6 9. Qc2 Qe7 10. d5 c5 11. h3 Kh8 12. a3 Ng8 13. b4 Bh6 14. bxc5 Nxc5 15. Bxc5
dxc5 16. Rfd1 Rd8 17. Nb5 f6 18. d6 Qf7 19. Rab1 Bd7 20. Ne1 Bf8 21. Rd5 b6 22.
Rbd1 h5 23. R5d2 Bc6 24. Bf3 Rd7 25. Qb3 Rad8 26. Nc2 Bh6 27. Rd3 Qf8 28. Qa4 f5
29. Re1 Nf6 30. Rdd1 fxe4 31. Be2 Bxb5 32. cxb5 Qg7 33. Qb3 Rxd6 34. Rxd6 Rxd6
35. Qg3 Bf4 36. Qc3 Qe7 37. Ne3 Rd4 38. g3 Bxe3 39. Qxe3 Kg7 40. Ra1 Nd5 41. Qb3
Qf6 42. Rd1 Qd6 43. Re1 Nf6 44. Bf1 Rd2 45. a4 Qd4 46. Re3 Nd5 47. Re2 Rxe2 48.
Bxe2 e3 49. Bf3 exf2+ 50. Kg2 e4 51. Be2 e3 52. Bf3 Qd2 53. Kh1 f1=Q# 0-1

[Event "Titled Tue 17th Jun Early"]
[Site "chess.com INT"]
[Date "2025.06.17"]
[Round "11"]
[White "Bortnyk, Olexandr"]
[Black "Niemann, Hans Moke"]
[Result "0-1"]
[WhiteTitle "GM"]
[BlackTitle "GM"]
[WhiteElo "2601"]
[BlackElo "2736"]
[WhiteFideId "14120828"]
[BlackFideId "2093596"]
[EventDate "2025.06.17"]

1. e4 e5 2. Nf3 Nc6 3. Nc3 Nf6 4. Nd5 Bc5 5. c3 Nxd5 6. exd5 e4 7. dxc6 exf3 8.
Qxf3 dxc6 9. d4 Bd6 10. Bd3 O-O 11. O-O Qh4 12. g3 Qh3 13. Re1 Bg4 14. Qg2 Qh5
15. h4 Rae8 16. Bd2 f5 17. Bc4+ Kh8 18. Rxe8 Rxe8 19. Re1 Rxe1+ 20. Bxe1 Bf3 21.
Qh3 Be4 22. Kf1 Bf3 23. Bd2 h6 24. Bd3 g6 25. Ke1 Kg7 26. Qf1 Qg4 27. Be3 f4 28.
gxf4 Qxh4 29. Qg1 Bg4 30. Kd2 Qh5 31. Be4 Bf5 32. Bxf5 Qxf5 33. Qg3 g5 34. Qf3
g4 35. Qg3 h5 36. Kc1 Be7 37. Qg2 h4 38. a3 h3 39. Qg3 Kg6 40. f3 Kh5 41. Bf2
Bd6 42. Qh4+ Kg6 43. fxg4 Bxf4+ 44. Kd1 Qd3+ 45. Ke1 Bd2+ 46. Kd1 Bxc3+ 0-1

[Event "Titled Tue 17th Jun Early"]
[Site "chess.com INT"]
[Date "2025.06.17"]
[Round "11"]
[White "Jacobsen, Mikkel Manosri"]
[Black "Rogov, Matfey"]
[Result "0-1"]
[WhiteTitle "FM"]
[BlackTitle "FM"]
[WhiteElo "2223"]
[BlackElo "2348"]
[WhiteFideId "1444514"]
[BlackFideId "44191308"]
[EventDate "2025.06.17"]

1. d4 d5 2. Nf3 Nf6 3. Bf4 c5 4. e3 Nc6 5. Nbd2 Bf5 6. c3 e6 7. Qb3 Qb6 8. Nh4
c4 9. Qxb6 axb6 10. Nxf5 exf5 11. a3 Nh5 12. Bc7 b5 13. h3 Kd7 14. Bh2 Nf6 15.
Rc1 g6 16. Be2 Bd6 17. g4 Bxh2 18. Rxh2 fxg4 19. hxg4 h5 20. gxh5 gxh5 21. Bf3
h4 22. Ke2 Ne7 23. Rg1 Ng6 24. Rg5 Rae8 25. Kf1 Kd6 26. Rh3 Reg8 27. Ke2 Ne7 28.
Rxg8 Nexg8 29. e4 dxe4 30. Nxe4+ Nxe4 31. Bxe4 b6 32. Ke3 Nf6 33. Bf3 Ke6 34.
Kf4 Ne8 35. Bg4+ Kf6 36. Ke4 Kg5 37. Bd7 Nf6+ 38. Ke5 Nxd7+ 39. Kd6 Nf6 40. Kc6
Kg4 41. Rh1 h3 42. Kxb5 h2 43. Kxc4 Kh3 44. Kb5 Rb8 45. c4 Ne4 46. b4 Kg2 47.
Kc6 Kxh1 0-1

[Event "Titled Tue 17th Jun Early"]
[Site "chess.com INT"]
[Date "2025.06.17"]
[Round "11"]
[White "Sailer, Mike"]
[Black "Altynbek, Aiaru"]
[Result "0-1"]
[BlackTitle "WFM"]
[WhiteElo "2108"]
[BlackElo "1977"]
[WhiteFideId "2012901"]
[BlackFideId "13752472"]
[EventDate "2025.06.17"]

1. d4 d5 2. Nf3 Nf6 3. e3 Bf5 4. Bd3 Bxd3 5. Qxd3 c6 6. c4 e6 7. O-O Bd6 8. Ne5
Bxe5 9. dxe5 Nfd7 10. f4 Nc5 11. Qe2 Nbd7 12. b3 a5 13. Nc3 O-O 14. Ba3 Re8 15.
Rf3 a4 16. b4 Na6 17. Rh3 b5 18. cxb5 cxb5 19. Nxb5 Nf8 20. Nd6 Re7 21. b5 Nc7
22. b6 Ne8 23. b7 Rb8 24. Qa6 Rd7 25. Rb1 Nc7 26. Qxa4 d4 27. exd4 Nd5 28. Rhb3
Nxf4 29. Bc5 Qg5 30. R3b2 Rbxb7 31. Nxb7 Rxb7 32. Qc2 Rxb2 33. Rxb2 Qg4 34. Bxf8
Nh3+ 35. Kh1 Qf4 36. gxh3 Qf1# 0-1

[Event "Titled Tue 17th Jun Early"]
[Site "chess.com INT"]
[Date "2025.06.17"]
[Round "11"]
[White "Esipenko, Andrey"]
[Black "Zhigalko, Sergei"]
[Result "1-0"]
[WhiteTitle "GM"]
[BlackTitle "GM"]
[WhiteElo "2689"]
[BlackElo "2572"]
[WhiteFideId "24175439"]
[BlackFideId "13502956"]
[EventDate "2025.06.17"]

1. c4 e5 2. Nc3 Nf6 3. Nf3 Nc6 4. e3 Bb4 5. Nd5 Be7 6. Qc2 d6 7. a3 h6 8. Be2
O-O 9. O-O Re8 10. d3 Nxd5 11. cxd5 Nb8 12. b4 c6 13. dxc6 Nxc6 14. Bb2 Be6 15.
Rac1 Rc8 16. Qb1 Bd5 17. Nd2 b5 18. d4 exd4 19. e4 Be6 20. Bxb5 Qb6 21. Bxc6
Rxc6 22. Rxc6 Qxc6 23. Bxd4 a6 24. Rc1 Qb7 25. Qb2 Bg5 26. Re1 Bxd2 27. Qxd2 d5
28. Qc3 f6 29. e5 Rc8 30. Bc5 f5 31. h3 Qb5 32. Qe3 Qc4 33. Rd1 f4 34. Qf3 Qe4
35. Qxe4 dxe4 36. Rd6 Bc4 37. Rd4 Bd3 38. e6 Re8 39. e7 Kf7 40. f3 g5 41. fxe4
Bb5 42. Kf2 Ke6 43. Rd6+ Ke5 44. Rxh6 Kxe4 45. Rf6 Ke5 46. Rf8 Bc6 47. g3 1-0

[Event "Titled Tue 17th Jun Early"]
[Site "chess.com INT"]
[Date "2025.06.17"]
[Round "11"]
[White "Murthy, Pappu"]
[Black "Boramanikar, Tanisha S"]
[Result "0-1"]
[BlackTitle "WCM"]
[WhiteElo "1838"]
[BlackElo "1743"]
[WhiteFideId "2013401"]
[BlackFideId "35023454"]
[EventDate "2025.06.17"]

1. e4 c5 2. d4 cxd4 3. c3 Nf6 4. e5 Nd5 5. Nf3 Nc6 6. cxd4 d6 7. Bc4 e6 8. O-O
Be7 9. Nc3 Nxc3 10. bxc3 dxe5 11. Nxe5 Nxe5 12. dxe5 Qa5 13. Qe2 O-O 14. Bf4
Qxc3 15. Rac1 Qd4 16. Bg3 a6 17. Rfd1 Qa7 18. Qe4 b5 19. Bd3 g6 20. h4 Bb7 21.
Qf4 Rac8 22. h5 g5 23. Qg4 h6 24. Kh2 Kg7 25. f4 Rxc1 26. Rxc1 Qe3 27. Rd1 Rd8
28. fxg5 Bxg5 29. Be2 Rxd1 30. Bxd1 Qd2 31. Bh4 Qxg2+ 32. Qxg2 Bxg2 33. Kxg2
Bxh4 34. Kf3 Be1 35. Ke4 Bc3 36. Bf3 a5 37. Be2 b4 0-1

[Event "Titled Tue 17th Jun Early"]
[Site "chess.com INT"]
[Date "2025.06.17"]
[Round "11"]
[White "Goodrich, Elliott"]
[Black "Bolashakov, Nurali"]
[Result "1-0"]
[BlackTitle "CM"]
[WhiteElo "2019"]
[BlackElo "2242"]
[WhiteFideId "39902064"]
[BlackFideId "13792105"]
[EventDate "2025.06.17"]

1. e4 c5 2. Nf3 d6 3. d4 cxd4 4. Nxd4 Nf6 5. Nc3 a6 6. h3 e6 7. g4 Nfd7 8. Bg2
Be7 9. Be3 O-O 10. f4 Bh4+ 11. Kf1 Nc5 12. g5 e5 13. Nf3 Bg3 14. f5 Nc6 15. h4
b5 16. Rh3 Bf4 17. Bxf4 exf4 18. Qd2 Bb7 19. Qxf4 Nb4 20. f6 Nxc2 21. Rc1 Nd3
22. Qd2 Nxc1 23. Qxc2 b4 24. Qxc1 bxc3 25. bxc3 Bxe4 26. Qf4 d5 27. Ne5 Qb6 28.
Bxe4 dxe4 29. fxg7 Kxg7 30. h5 Rad8 31. h6+ Kg8 32. Ng4 Rd1+ 33. Ke2 Rfd8 34.
Nf6+ Kh8 35. Qxe4 R8d2+ 36. Kf3 Rd3+ 37. Kg4 Qg1+ 38. Kf5 Qf1+ 39. Ke5 Rd8 40.
Qxh7# 1-0

[Event "Titled Tue 17th Jun Early"]
[Site "chess.com INT"]
[Date "2025.06.17"]
[Round "11"]
[White "Caku, Kler"]
[Black "El Jawich, Amro"]
[Result "1-0"]
[WhiteTitle "WFM"]
[BlackTitle "FM"]
[WhiteElo "2010"]
[BlackElo "2307"]
[WhiteFideId "4704703"]
[BlackFideId "5300380"]
[EventDate "2025.06.17"]

1. e4 g6 2. d4 Bg7 3. Nc3 d5 4. exd5 Nf6 5. Nf3 Nxd5 6. Bc4 Nxc3 7. bxc3 c5 8.
O-O O-O 9. Re1 Bg4 10. Be3 Qa5 11. h3 Bd7 12. Bd2 Qd8 13. Qe2 Nc6 14. Be3 Qa5
15. Bd2 e6 16. Bd3 Rac8 17. c4 Qc7 18. d5 exd5 19. cxd5 Rfe8 20. Qf1 Nd4 21.
Nxd4 cxd4 22. Rxe8+ Rxe8 23. Re1 Qc5 24. Rxe8+ Bxe8 25. Qe2 Kf8 26. Qe4 Bd7 27.
g4 f5 28. gxf5 Bxf5 29. Qf3 Qc8 30. Bb4+ Kg8 31. Bxf5 Qxf5 32. Qxf5 gxf5 33. Kf1
b6 34. Ke2 Kf7 35. Kd3 Kf6 36. Bd6 Kg5 37. Bb8 a6 38. Ba7 b5 39. Bxd4 Bxd4 40.
Kxd4 Kf4 41. d6 Kf3 42. d7 1-0

[Event "Titled Tue 17th Jun Early"]
[Site "chess.com INT"]
[Date "2025.06.17"]
[Round "11"]
[White "Baturin-Vinogradov, Miroslav"]
[Black "Nagare Kaivalya Sandip"]
[Result "1/2-1/2"]
[WhiteTitle "CM"]
[BlackTitle "FM"]
[WhiteElo "2046"]
[BlackElo "2321"]
[WhiteFideId "55745741"]
[BlackFideId "25957929"]
[EventDate "2025.06.17"]

1. e4 e5 2. Nf3 Nc6 3. Bb5 a6 4. Ba4 Nf6 5. O-O b5 6. Bb3 Bc5 7. d3 d6 8. a3 Bg4
9. h3 Bh5 10. Be3 Nd4 11. Nbd2 g5 12. Bxd4 Bxd4 13. c3 Bb6 14. g4 Nxg4 15. hxg4
Bxg4 16. Bd5 Rb8 17. Kg2 Qf6 18. Qe2 h5 19. Rh1 h4 20. Rag1 Bd7 21. Nh2 g4 22.
Nxg4 Rg8 23. Kh3 Bxf2 24. Bc6 Qf4 25. Bxd7+ Kxd7 26. Qxf2 Rxg4 27. Qxf4 Rxf4 28.
Rf1 Rg8 29. Rxf4 exf4 30. Rh2 c5 31. Rf2 Rg3+ 32. Kxh4 Rxd3 33. Nf1 b4 34. axb4
cxb4 35. cxb4 Rb3 36. Kg4 Rxb4 37. Kxf4 d5 38. Rd2 Rxe4+ 39. Kf5 Kc6 40. Ng3 Re1
41. Ne2 Rf1+ 42. Ke5 f6+ 43. Kd4 Kd6 44. Ke3 Ke5 45. Nc3 d4+ 46. Rxd4 Rf3+ 47.
Kxf3 Kxd4 48. Ke2 Kc4 49. Kd2 Kb3 50. Kc1 a5 51. Nd5 a4 52. Nxf6 a3 53. bxa3
Kxa3 1/2-1/2

[Event "Titled Tue 17th Jun Early"]
[Site "chess.com INT"]
[Date "2025.06.17"]
[Round "11"]
[White "Sutormin, Danila"]
[Black "Villa, Ma. Elayza"]
[Result "0-1"]
[WhiteTitle "FM"]
[WhiteElo "2381"]
[BlackElo "1819"]
[WhiteFideId "24108669"]
[BlackFideId "5224292"]
[EventDate "2025.06.17"]

1. e4 e6 2. d4 d5 3. Nd2 dxe4 4. Nxe4 Nd7 5. Nf3 Ngf6 6. Nxf6+ Nxf6 7. Bd3 Bd6
8. O-O Bd7 9. Ne5 c5 10. Nxd7 Qxd7 11. dxc5 Bxc5 12. Bg5 Be7 13. a4 a6 14. Qf3
h6 15. Bxf6 Bxf6 16. Rad1 Qc7 17. Be4 Rb8 18. c3 O-O 19. Rd3 b5 20. axb5 Rxb5
21. Rfd1 Rxb2 22. Re3 Rb3 23. Rc1 a5 24. Bc2 Rb2 25. Qe4 g6 26. Rg3 Qe5 27. Qd3
Rd8 28. Qf1 Bg5 29. Re1 Qf6 30. Be4 Rdd2 31. Rf3 Qe7 32. h3 a4 33. g3 a3 34. h4
Bf6 35. Ra1 a2 36. Qa6 Kg7 37. Kg2 Qc5 38. h5 Rxf2+ 39. Kh3 Rh2+ 40. Kg4 Qxh5+
41. Kf4 Qg5# 0-1

[Event "Titled Tue 17th Jun Early"]
[Site "chess.com INT"]
[Date "2025.06.17"]
[Round "11"]
[White "Mikhalsky, Vladimir"]
[Black "Khazan, Yevgeny"]
[Result "1-0"]
[BlackTitle "CM"]
[WhiteElo "2219"]
[BlackElo "2135"]
[WhiteFideId "14144352"]
[BlackFideId "2806193"]
[EventDate "2025.06.17"]

1. d4 Nf6 2. c4 g6 3. f3 e6 4. e4 d5 5. e5 Nh5 6. g4 Qh4+ 7. Kd2 Ng3 8. hxg3
Qxh1 9. Be2 Nc6 10. Kc2 dxc4 11. Nc3 Bd7 12. Bxc4 O-O-O 13. Be3 Qg2+ 14. Qe2
Qxg3 15. Ne4 Nxd4+ 16. Bxd4 Qf4 17. Nh3 Qh6 18. Nhg5 Ba4+ 19. Kc3 Qg7 20. Nf6
Be7 21. Nge4 Bc6 22. Bb5 Bxe4 23. Qxe4 c5 24. Bxc5 Bxc5 25. Qc4 Kb8 26. Nd7+
Rxd7 27. Bxd7 Qxe5+ 28. Kb3 Rd8 29. Rd1 a6 30. f4 Qe3+ 31. Rd3 Qe2 32. Rc3 Rxd7
33. Qxe2 b6 34. Rxc5 bxc5 35. Qxa6 Rb7+ 36. Kc4 Kc7 37. Kxc5 Rxb2 38. Qd6+ Kb7
39. Qe7+ Ka6 40. Qxf7 Rxa2 41. Qxe6+ Ka5 42. Qxa2# 1-0

[Event "Titled Tue 17th Jun Early"]
[Site "chess.com INT"]
[Date "2025.06.17"]
[Round "11"]
[White "Olhovik, Andrei"]
[Black "Gogolev, Artem"]
[Result "0-1"]
[WhiteTitle "FM"]
[BlackTitle "IM"]
[WhiteElo "2282"]
[BlackElo "2240"]
[WhiteFideId "13507397"]
[BlackFideId "4116615"]
[EventDate "2025.06.17"]

1. d4 Nf6 2. c4 e6 3. Nc3 Bb4 4. a3 Bxc3+ 5. bxc3 O-O 6. f3 d6 7. e4 e5 8. Bd3
c5 9. Ne2 Nc6 10. O-O cxd4 11. cxd4 Nxd4 12. Nxd4 exd4 13. Bb2 Be6 14. Bxd4 Nd7
15. f4 Rc8 16. Rc1 Nc5 17. Bb1 f5 18. exf5 Bxf5 19. Bxf5 Rxf5 20. g4 Rf7 21. f5
Qg5 22. Qf3 h5 23. h3 hxg4 24. hxg4 Re8 25. Rce1 Rfe7 26. Rxe7 Rxe7 27. Kg2 Re4
28. Bxc5 Rxg4+ 29. Kf2 Qd2+ 30. Qe2 Rg2+ 31. Kxg2 Qxe2+ 32. Bf2 Qg4+ 33. Bg3
Qxc4 34. Rf3 Qe4 35. Bxd6 b5 36. Kg3 a5 37. f6 gxf6 38. Rxf6 Qd4 0-1

[Event "Titled Tue 17th Jun Early"]
[Site "chess.com INT"]
[Date "2025.06.17"]
[Round "11"]
[White "Leinov, Roman"]
[Black "Gavarrete, Nahun"]
[Result "1-0"]
[WhiteTitle "CM"]
[BlackTitle "FM"]
[WhiteElo "2120"]
[BlackElo "2281"]
[WhiteFideId "13504649"]
[BlackFideId "8400709"]
[EventDate "2025.06.17"]

1. Nf3 d5 2. g3 c5 3. Bg2 Nc6 4. d4 e6 5. O-O Nf6 6. c4 dxc4 7. Ne5 Nxe5 8. dxe5
Nd5 9. e4 Nb6 10. Na3 Qxd1 11. Rxd1 Bd7 12. Be3 O-O-O 13. Rac1 c3 14. Rxc3 Na4
15. Rc2 Bc6 16. Rxd8+ Kxd8 17. b3 Nb6 18. Bxc5 Kc7 19. Bxf8 Rxf8 20. Rd2 Nd7 21.
Nc4 Rd8 22. f3 b5 23. Na5 Nxe5 24. Rxd8 Kxd8 25. f4 Kc7 26. fxe5 Bd7 27. b4 Kb6
28. Kf2 f6 29. exf6 gxf6 30. Ke3 e5 31. a3 Be6 32. Bf3 a6 33. Bd1 h6 34. Bb3 Bg4
35. Bd5 Kc7 36. Nb3 Kb6 37. Nc5 a5 38. Be6 axb4 39. axb4 Bh5 40. Nd7+ Kc6 41.
Nxf6 Bg6 42. Ng4 Kd6 43. Bf5 Bf7 44. Nxh6 Bc4 45. Ng4 Ke7 46. h4 Kf7 47. h5 Kg7
48. h6+ Kh8 49. h7 Bf7 50. Nxe5 Bb3 51. Kf4 Ba4 52. Nf3 Bb3 53. Nd4 Ba4 54. g4
Kg7 55. e5 Kh8 56. e6 Bc2 57. Bxc2 Kg7 58. Nxb5 Kh8 59. Nd4 Kg7 60. b5 Kh8 61.
b6 Kg7 62. Ke5 Kh8 63. Kd6 Kg7 64. b7 Kh6 65. h8=Q+ Kg5 66. Qe5+ Kxg4 67. Qf5+
Kg3 68. e7 Kh2 69. Qg4 Kh1 70. Be4+ Kh2 71. Qg2# 1-0

[Event "Titled Tue 17th Jun Early"]
[Site "chess.com INT"]
[Date "2025.06.17"]
[Round "11"]
[White "Souleidis, Georgios"]
[Black "Bardyk, Artem"]
[Result "0-1"]
[WhiteTitle "IM"]
[BlackTitle "FM"]
[WhiteElo "2418"]
[BlackElo "2260"]
[WhiteFideId "4206827"]
[BlackFideId "34349979"]
[EventDate "2025.06.17"]

1. e4 c5 2. Be2 d6 3. f4 Nc6 4. Nf3 Bg4 5. O-O g6 6. c3 Bg7 7. d3 e6 8. Be3 Nge7
9. Nbd2 O-O 10. h3 Bxf3 11. Nxf3 Rc8 12. Qe1 b5 13. a3 a5 14. d4 c4 15. g4 d5
16. e5 f6 17. exf6 Bxf6 18. Qg3 Rc7 19. Ne5 Nc8 20. g5 Bg7 21. Bg4 Rf5 22. h4
Nd6 23. h5 Ne4 24. Qh3 Bxe5 25. dxe5 Ne7 26. Rad1 Rb7 27. hxg6 hxg6 28. Kg2 Qf8
29. Rh1 Qg7 30. Rh2 Kf7 31. Rdh1 Rb8 32. Kg1 Rg8 33. Qg2 Ke8 34. Rh7 Qf8 35. Qe2
Rg7 36. Rh8 Rg8 37. R8h7 Rxf4 38. Bxe6 Rf5 39. Bxg8 Nxg8 40. e6 Ne7 41. Rh8 Ng8
42. Bd4 Rxg5+ 43. Kh2 Qf4+ 44. Kh3 Qg3# 0-1

[Event "Titled Tue 17th Jun Early"]
[Site "chess.com INT"]
[Date "2025.06.17"]
[Round "11"]
[White "Lopez Abreu, Michel Samuel"]
[Black "Duarte Cramer, Lily Jeanette"]
[Result "1-0"]
[WhiteTitle "FM"]
[BlackTitle "WCM"]
[WhiteElo "2038"]
[BlackElo "1828"]
[WhiteFideId "3927903"]
[BlackFideId "29620180"]
[EventDate "2025.06.17"]

1. Nf3 d5 2. g3 Bf5 3. Bg2 e6 4. O-O Nf6 5. d3 h6 6. Nbd2 Bd6 7. Re1 Bg6 8. e4
dxe4 9. dxe4 Be7 10. e5 Nd5 11. a3 c6 12. Nc4 Nd7 13. Ne3 N7b6 14. c3 O-O 15.
Nd4 Bc5 16. Nxd5 Nxd5 17. Nc2 Qc7 18. Ne3 Nxe3 19. Bxe3 Bxe3 20. Rxe3 Rad8 21.
Qe2 Rd7 22. Rd1 Rfd8 23. Rxd7 Qxd7 24. Be4 Qd1+ 25. Qxd1 Rxd1+ 26. Kg2 Rd2 27.
Bxg6 fxg6 28. b3 Ra2 29. a4 Rb2 30. c4 Rd2 31. Rc3 Kf7 32. h3 g5 33. Kf3 g6 34.
Ke3 Rd1 35. Rd3 Re1+ 36. Kd4 b6 37. Re3 c5+ 38. Ke4 Rh1 39. g4 Rd1 40. Rf3+ Ke7
41. Rf6 Rh1 42. Rxg6 Rxh3 43. f3 Kf7 44. Rf6+ Ke7 45. Rg6 Rh1 46. Rg7+ Kf8 47.
Rxa7 Re1+ 48. Kd3 Rxe5 49. Rb7 Re1 50. Rxb6 Rf1 51. Rxe6 Rxf3+ 52. Re3 Rf4 53.
Re6 Rxg4 54. Rxh6 Rg3+ 55. Kc2 Rg1 56. Rc6 g4 57. Rxc5 g3 58. Rg5 Ke7 59. a5 g2
60. Kb2 Kd7 61. b4 Kc7 62. b5 Kb7 63. Rg7+ Kb8 64. b6 Rd1 65. Rxg2 Kb7 66. Rg7+
Ka6 67. Ra7# 1-0